[Event "AUTO-ADV-1184"]
[Site "http://www.queenalice.com/game.php?id=524183"]
[Date "2009.1.17"]
[Round "1"]
[White "joey30"]
[Black "Mr_Rusty"]
[Result "0-1"]
[WhiteElo "1707"]
[BlackElo "1853"]

1. e4 d6 2. d4 Nf6 3. Nc3 g6 4. Nf3 Bg7 5. Bc4 O-O 6. O-O Nxe4 7. Nxe4 d5 8. Bd3
dxe4 9. Bxe4 f5 10. Bd3 Nc6 11. c3 Be6 12. Bf4 a6 13. Re1 Bd5 14. b3 Re8 15. Ng5
e5 0-1

[Event "AUTO-ADV-1184"]
[Site "http://www.queenalice.com/game.php?id=524184"]
[Date "2009.1.17"]
[Round "1"]
[White "Mr_Rusty"]
[Black "joey30"]
[Result "1-0"]
[WhiteElo "1863"]
[BlackElo "1697"]

1. Nf3 d5 2. d3 c5 3. g3 Nc6 4. Bg2 e6 5. O-O Nf6 6. Bg5 Be7 7. Nbd2 h6 8. Bxf6
Bxf6 9. c3 O-O 10. Qc2 Bd7 11. e4 Rc8 12. Rfe1 dxe4 13. Nxe4 Be7 14. Rad1 Qc7
15. h3 1-0

[Event "AUTO-ADV-1184"]
[Site "http://www.queenalice.com/game.php?id=524191"]
[Date "2009.1.17"]
[Round "1"]
[White "Mr_Rusty"]
[Black "vitski"]
[Result "1-0"]
[WhiteElo "1885"]
[BlackElo "1785"]

1. Nf3 c6 2. d3 d5 3. g3 Bg4 4. Nbd2 Qb6 5. Bg2 e6 6. O-O Ne7 7. h3 Bh5 8. e4
Nd7 9. c3 Bxf3 10. Bxf3 dxe4 11. Nxe4 Nf5 12. Bg2 Nc5 13. Nxc5 Bxc5 14. Be4 Nxg3
15. d4 Nxe4 16. dxc5 1-0

[Event "AUTO-ADV-1184"]
[Site "http://www.queenalice.com/game.php?id=524192"]
[Date "2009.1.17"]
[Round "1"]
[White "vitski"]
[Black "Mr_Rusty"]
[Result "0-1"]
[WhiteElo "1798"]
[BlackElo "1872"]

1. e4 d6 2. Nf3 Nf6 3. Bc4 g6 4. O-O Bg7 5. h3 O-O 6. Qe2 e5 7. Rd1 a6 8. a4 Nc6
9. c3 Nh5 10. d4 Rb8 11. dxe5 Nxe5 12. Nbd2 Nf4 13. Qe3 Nxf3+ 14. Qxf3 Be5 15.
Nb3 Qf6 16. Bxf4 Bxf4 0-1

[Event "Challenge"]
[Site "http://www.queenalice.com/game.php?id=568556"]
[Date "2009.4.8"]
[Round "-"]
[White "Mr_Rusty"]
[Black "castlerock"]
[Result "1-0"]
[WhiteElo "1915"]
[BlackElo "1461"]

1. Nf3 Nc6 2. g3 e6 3. Bg2 d5 4. d3 Be7 5. Nbd2 Nf6 6. O-O e5 7. c3 Be6 8. Qc2
h6 9. b4 d4 10. b5 Nb8 11. c4 Nbd7 12. a4 a6 13. Bb2 axb5 14. axb5 Rc8 15. Ra2
O-O 16. Rfa1 Nc5 17. Nxe5 Bd6 18. Nef3 c6 19. bxc6 Rxc6 20. Nxd4 Rc7 21. Nb5 Rc6
22. Bxc6 bxc6 23. Nxd6 Nfd7 24. Qc3 Nf6 25. N2e4 Nfxe4 26. Qxg7# 1-0

[Event "Challenge"]
[Site "http://www.queenalice.com/game.php?id=568557"]
[Date "2009.4.8"]
[Round "-"]
[White "castlerock"]
[Black "Mr_Rusty"]
[Result "0-1"]
[WhiteElo "1459"]
[BlackElo "1917"]

1. e4 d6 2. d4 Nf6 3. Nc3 g6 4. Nf3 Bg7 5. Bc4 O-O 6. O-O Bg4 7. h3 Bxf3 8. Qxf3
a6 9. e5 dxe5 10. dxe5 Ne8 11. Qxb7 Nd7 12. Qe4 Nxe5 13. Bd5 Rb8 14. f4 Nd6 15.
Qe2 Nd7 16. Be3 Rxb2 17. Na4 Rb8 18. Rad1 Qc8 19. c4 e6 20. Be4 Nxe4 21. Rf3 f5
22. Rc1 Rb4 23. Nc3 Bxc3 24. c5 c6 25. a3 Rb3 26. Qa2 Ndxc5 27. Rcf1 Rd8 28. g4
Qd7 29. Qxb3 Nxb3 0-1

[Event "AUTO-ADV-1285"]
[Site "http://www.queenalice.com/game.php?id=569437"]
[Date "2009.4.9"]
[Round "1"]
[White "THEJEGUE"]
[Black "Mr_Rusty"]
[Result "0-1"]
[WhiteElo "1707"]
[BlackElo "1904"]

1. e4 d6 2. d4 Nf6 3. Bd3 g6 4. Bg5 Bg7 5. Nf3 Bg4 6. h3 Bxf3 7. Qxf3 c6 8. e5
dxe5 9. dxe5 Qa5+ 10. c3 Qxe5+ 11. Be3 O-O 12. O-O Qd5 13. Qxd5 Nxd5 14. Nd2
Nxe3 15. fxe3 Nd7 16. Be4 Nc5 17. Rf2 Rad8 18. Bc2 Nd3 19. Rf3 b6 20. Bxd3 Rxd3
21. Nb3 Rfd8 22. Raf1 f5 23. Nd4 Bxd4 24. exd4 Rxf3 25. Rxf3 Kf7 26. Rf4 Kf6 27.
g4 e5 28. dxe5+ Kxe5 29. Ra4 a5 30. b4 axb4 31. Rxb4 b5 32. a4 bxa4 33. Rxa4
fxg4 34. hxg4 Rd7 35. Kf2 c5 36. Ke3 Kd5 37. Kf4 h6 38. Rd4+ cxd4 39. cxd4 Kxd4
40. Kf3 Rf7+ 41. Kg3 g5 42. Kg2 Ke3 43. Kg1 Rf3 44. Kg2 Kf4 0-1

[Event "AUTO-ADV-1285"]
[Site "http://www.queenalice.com/game.php?id=569438"]
[Date "2009.4.9"]
[Round "1"]
[White "Mr_Rusty"]
[Black "THEJEGUE"]
[Result "1/2-1/2"]
[WhiteElo "1912"]
[BlackElo "1706"]

1. Nf3 d5 2. d3 Nc6 3. g3 e5 4. Bg2 Bc5 5. O-O Nf6 6. Bg5 h6 7. Bxf6 Qxf6 8. c3
e4 9. dxe4 dxe4 10. Ne1 e3 11. f3 O-O 12. Nd3 Bb6 13. Qc2 Bf5 14. Qa4 Bxd3 15.
Re1 Bxb1 16. Raxb1 Rfe8 17. f4 Re6 18. Rbd1 Rd8 19. Bxc6 Rxc6 20. Rxd8+ Qxd8 21.
Rd1 Rd6 22. Rxd6 cxd6 23. Qe4 d5 24. Qf3 Qe7 25. Qxd5 g5 26. fxg5 hxg5 27. a3
Kg7 28. c4 f6 29. b4 Kh8 30. c5 Bd8 31. Qf3 Qe5 32. Qh5+ Kg7 33. Qf3 Qa1+ 34.
Kg2 Qxa3 35. Qxb7+ Kh6 36. b5 Qxc5 37. Qd7 Bb6 38. Qh3+ Kg6 39. Qd7 Qf8 40. g4
Qc5 41. Qe8+ Kg7 42. Qd7+ Kg6 43. Qe8+ Kg7 44. Qd7+ Kf8 45. Qe6 Qxb5 46. Qxf6+
Kg8 47. Qg6+ Kf8 48. Qf6+ Ke8 49. Qh8+ Kf7 50. Qh7+ Kf6 51. Qh6+ Kf7 52. Qh7+
Kf6 53. Qh6+ Kf7 54. Qh7+ 1/2-1/2

[Event "AUTO-ADV-1285"]
[Site "http://www.queenalice.com/game.php?id=569453"]
[Date "2009.4.9"]
[Round "1"]
[White "Mr_Rusty"]
[Black "melr111"]
[Result "0-1"]
[WhiteElo "1904"]
[BlackElo "1902"]

1. Nf3 Nc6 2. d3 e5 3. g3 d6 4. Bg2 Nf6 5. O-O Bg4 6. Nbd2 Be7 7. e4 Nd4 8. c3
Nxf3+ 9. Bxf3 Bh3 10. Re1 Qd7 11. Nc4 h5 12. b4 b6 13. Bg5 b5 14. Bxf6 Bxf6 15.
Ne3 h4 16. g4 Bg5 17. c4 bxc4 18. dxc4 g6 19. a3 Bf4 20. Nd5 Qd8 21. Qa4+ Kf8
22. Nxf4 exf4 23. Rad1 Qe8 24. Qxe8+ Rxe8 25. Rd5 Re5 26. Rxe5 dxe5 27. Rd1 Ke7
28. Rd5 f6 29. Be2 Rd8 30. Rxd8 Kxd8 31. c5 f5 32. exf5 gxf5 33. gxf5 Bxf5 34.
Kg2 e4 35. f3 e3 36. Kf1 Kd7 37. Ke1 Kc6 38. Kd1 Kd5 39. Kc1 Kd4 40. Kd1 Kc3 41.
b5 Kb3 42. b6 axb6 43. cxb6 cxb6 44. Bb5 Kxa3 45. Ke2 Kb4 46. Be8 Kc5 47. Kd1 b5
48. Bf7 b4 49. Bb3 Kd4 50. Ba4 Kc3 51. Bb5 b3 0-1

[Event "AUTO-ADV-1285"]
[Site "http://www.queenalice.com/game.php?id=569454"]
[Date "2009.4.9"]
[Round "1"]
[White "melr111"]
[Black "Mr_Rusty"]
[Result "0-1"]
[WhiteElo "1935"]
[BlackElo "1878"]

1. e4 d6 2. d4 Nf6 3. Nc3 g6 4. Nf3 Bg7 5. e5 dxe5 6. dxe5 Qxd1+ 7. Nxd1 Ng4 8.
h3 Nxe5 9. Nc3 Nxf3+ 10. gxf3 c6 11. Be3 Bxc3+ 12. bxc3 O-O 13. Bd3 Nd7 14. Bh6
Re8 15. O-O-O Ne5 16. f4 Nxd3+ 17. cxd3 f5 18. Rhe1 Kf7 19. c4 c5 20. h4 b6 21.
a4 a5 22. Kb2 Bb7 23. Kc3 e6 24. Re5 Rad8 25. Rde1 Bc6 26. Ra1 Rd4 27. Re3 Re7
28. Bg5 Red7 29. Ra3 R4d6 30. Bh6 Bg2 31. Kd2 Bc6 32. f3 Rd4 33. Kc3 Kf6 34. Ra2
Rd8 35. Bg5+ Kf7 36. Bxd8 Rxd8 37. Kb3 h6 38. Rg2 Kf6 39. Rd2 Rd6 40. Rde2 Bd7
41. Rd2 g5 42. fxg5+ hxg5 43. h5 e5 44. h6 Re6 45. h7 Kg7 46. Rh2 Kh8 47. Rh5
Re7 48. Ka3 f4 49. Re2 g4 50. Rexe5 Rxe5 51. Rxe5 g3 52. Rh5 g2 53. Rg5 Bh3 54.
Kb3 Kxh7 55. Kc2 Kh6 56. Rg8 Kh7 57. Rg5 Kh6 58. Rg8 Kh7 59. Rxg2 Bxg2 60. Kc3
Bxf3 61. d4 cxd4+ 62. Kxd4 Bd1 63. Ke4 f3 64. Ke3 Bxa4 65. Kxf3 Bc6+ 66. Ke3 Kg6
67. Kd3 Kf5 68. Kc3 Ke4 69. Kb3 Kd4 0-1

[Event "AUTO-ADV-1285"]
[Site "http://www.queenalice.com/game.php?id=569455"]
[Date "2009.4.9"]
[Round "1"]
[White "Mr_Rusty"]
[Black "QueenFanny"]
[Result "1/2-1/2"]
[WhiteElo "1919"]
[BlackElo "1966"]

1. Nf3 Nf6 2. d3 e6 3. g3 d5 4. Bg2 Bc5 5. O-O O-O 6. d4 Bb6 7. c3 c5 8. Bg5 Nc6
9. e3 cxd4 10. exd4 h6 11. Bxf6 Qxf6 12. Na3 a6 13. Nc2 Bc7 14. Ne3 b5 15. Ng4
Qg6 16. h3 Bb7 17. Nh4 Qg5 18. f4 Qe7 19. Re1 Bxf4 20. gxf4 Qxh4 21. Qe2 Rae8
22. Qf2 Qxf2+ 23. Nxf2 b4 1/2-1/2

[Event "AUTO-ADV-1285"]
[Site "http://www.queenalice.com/game.php?id=569456"]
[Date "2009.4.9"]
[Round "1"]
[White "QueenFanny"]
[Black "Mr_Rusty"]
[Result "1-0"]
[WhiteElo "1964"]
[BlackElo "1921"]

1. e4 d6 2. d4 Nf6 3. Nc3 g6 4. f4 Bg7 5. Nf3 O-O 6. Bc4 Bg4 7. O-O Nxe4 8. Nxe4
d5 9. h3 Bxf3 10. Qxf3 dxc4 11. c3 c6 12. f5 f6 13. Nc5 Qc8 14. Ne6 Re8 15. Qg3
Kf7 16. Nc7 Nd7 17. fxg6+ hxg6 18. Nxa8 Qxa8 19. Bf4 e5 20. dxe5 Re6 21. Rad1
Qc8 22. exf6 Nxf6 23. Be5 Qe8 24. Bxf6 Rxf6 25. Qc7+ 1-0

[Event "AUTO-ADV-1184"]
[Site "http://www.queenalice.com/game.php?id=616651"]
[Date "2009.7.10"]
[Round "2"]
[White "attachui"]
[Black "Mr_Rusty"]
[Result "1-0"]
[WhiteElo "1950"]
[BlackElo "1896"]

1. d4 d6 2. c4 Nf6 3. Nc3 g6 4. e4 Bg7 5. Nf3 O-O 6. Be2 Bg4 7. h3 Bxf3 8. Bxf3
c6 9. Bf4 Qc7 10. e5 dxe5 11. dxe5 Nfd7 12. O-O Nxe5 13. Re1 Nxf3+ 14. Qxf3 Qb6
15. Rab1 e6 16. b4 Nd7 17. c5 Qa6 18. Bd6 Rfe8 19. b5 Qa3 20. Rb3 Qa5 21. bxc6
bxc6 22. Ne4 h6 23. Qe3 Qxa2 24. Rb7 Nf6 25. Nxf6+ Bxf6 26. Qxh6 Bg7 27. Qf4 f6
28. Qe4 Qa6 29. Rc7 f5 30. Qf3 Qa5 31. Rb1 Bf6 32. Rbb7 Qa1+ 33. Kh2 a5 34. Qe3
a4 35. Qh6 Be5+ 36. g3 1-0

[Event "AUTO-ADV-1184"]
[Site "http://www.queenalice.com/game.php?id=616652"]
[Date "2009.7.10"]
[Round "2"]
[White "Mr_Rusty"]
[Black "attachui"]
[Result "0-1"]
[WhiteElo "1888"]
[BlackElo "2043"]

1. Nf3 d5 2. d3 Nf6 3. g3 Nc6 4. Bg2 Bg4 5. O-O Qd7 6. Bg5 h6 7. Bxf6 exf6 8.
Nbd2 O-O-O 9. a3 Bh3 10. b4 Bxg2 11. Kxg2 g5 12. c3 g4 13. Nh4 f5 14. Kg1 Be7
15. a4 Bxh4 16. gxh4 Qe7 17. a5 d4 18. b5 Ne5 19. c4 Ng6 20. b6 cxb6 21. axb6 a6
22. c5 Qe6 23. h5 Nf4 24. Re1 Qd5 25. f3 gxf3 26. Nxf3 Rhg8+ 27. Kh1 Nh3 28. Rc1
Nf2# 0-1

[Event "AUTO-ADV-1184"]
[Site "http://www.queenalice.com/game.php?id=616655"]
[Date "2009.7.10"]
[Round "2"]
[White "li2carpio"]
[Black "Mr_Rusty"]
[Result "1-0"]
[WhiteElo "1803"]
[BlackElo "1882"]

1. e4 d6 2. Nf3 Nf6 3. Nc3 g6 4. Bc4 Bg7 5. O-O O-O 6. d4 Bg4 7. h3 Bxf3 8. Qxf3
Nc6 9. Be3 e5 10. dxe5 Nxe5 11. Qe2 a6 12. Bb3 b5 13. a3 c5 14. f4 Nc6 15. f5 c4
16. Ba2 Nh5 17. g4 Bxc3 18. bxc3 Ng7 19. f6 Ne6 20. Qd2 Nc7 21. Bb6 Rb8 22. Bxc7
Qxc7 23. Qh6 1-0

[Event "AUTO-ADV-1184"]
[Site "http://www.queenalice.com/game.php?id=616656"]
[Date "2009.7.10"]
[Round "2"]
[White "Mr_Rusty"]
[Black "li2carpio"]
[Result "1-0"]
[WhiteElo "1862"]
[BlackElo "1960"]

1. Nf3 d5 2. d3 Nf6 3. g3 Nc6 4. Bg2 e6 5. Bg5 Be7 6. O-O O-O 7. c3 Bd7 8. Nbd2
a6 9. d4 h6 10. Bxf6 Bxf6 11. e4 dxe4 12. Nxe4 Be7 13. Qc2 b6 14. Rad1 Bd6 15.
Nxd6 cxd6 16. Nd2 Rc8 17. Ne4 d5 18. Nd2 Qf6 19. f4 Ne7 20. Nf3 Nc6 21. Qd3 b5
22. Ne5 Qe7 23. Rf2 Nxe5 24. fxe5 f6 25. exf6 Rxf6 26. Rxf6 Qxf6 27. Rf1 Qe7 28.
h3 Rf8 29. Rxf8+ Qxf8 30. Kh2 Qf6 31. b3 g6 32. c4 dxc4 33. bxc4 bxc4 34. Qxc4
Kf7 35. a4 h5 36. d5 exd5 37. Bxd5+ Kg7 38. a5 Qf2+ 39. Bg2 Bb5 40. Qc7+ Qf7 41.
Qxf7+ Kxf7 42. h4 Bd3 43. Bb7 Kf6 44. Kg2 Ke5 45. Kf3 Kf5 46. Bc8+ Ke5 47. Ke3
Bc4 48. Bb7 Bb5 49. Be4 Kf6 50. Kd4 g5 51. hxg5+ Kxg5 52. Bf3 h4 53. gxh4+ Kxh4
54. Kc5 Kg5 55. Bb7 Kf6 56. Kb6 Ke7 57. Bxa6 Bd7 58. Bb7 Bg4 59. a6 1-0

[Event "AUTO-ADV-1184"]
[Site "http://www.queenalice.com/game.php?id=616657"]
[Date "2009.7.10"]
[Round "2"]
[White "pomar"]
[Black "Mr_Rusty"]
[Result "1-0"]
[WhiteElo "2058"]
[BlackElo "1871"]

1. f3 d6 2. Kf2 Nf6 3. e3 g6 4. c4 Bg7 5. d4 O-O 6. Nc3 Nbd7 7. g3 e5 8. Nge2
exd4 9. Nxd4 a6 10. b4 c6 11. Bb2 Re8 12. h4 h5 13. Qc2 Ne5 14. Be2 Bh6 15. e4
b5 16. cxb5 cxb5 17. Rad1 Qb6 18. Kg2 Bb7 19. Qb3 Rac8 20. a4 Nc4 21. Bxc4 bxc4
22. Qa3 Bf8 23. a5 Qa7 24. Nce2 Nd7 25. Qa1 Ne5 26. Nf4 Bg7 27. Nde2 Rcd8 28.
Bd4 Qa8 29. Nc3 Kh7 30. Nfd5 Bxd5 31. Nxd5 Qc6 32. Rhe1 f6 33. Qc3 Rd7 34. Ne3
Bh6 35. Bxe5 fxe5 36. Qxc4 Rc8 37. Qxc6 Rxc6 38. Nd5 Rc2+ 39. Kh3 Rd8 40. Rd3 g5
41. Red1 gxh4 42. gxh4 Rg8 43. Nf6+ Kg7 44. Nxg8 Kxg8 45. Rg1+ Kf7 46. Rg2 Rc6
47. Rb3 Bf4 48. b5 Rc1 49. Rbb2 Rh1+ 50. Rh2 Bxh2 51. Rxh2 Ra1 52. b6 Rb1 53.
Rc2 Ke6 54. Rc8 Rh1+ 55. Kg2 Rb1 56. Ra8 d5 57. exd5+ Kxd5 58. Rxa6 Kc6 59. Ra7
Rb2+ 60. Kg3 Rb5 61. b7 Rxb7 62. Rxb7 Kxb7 63. f4 1-0

[Event "AUTO-ADV-1184"]
[Site "http://www.queenalice.com/game.php?id=616658"]
[Date "2009.7.10"]
[Round "2"]
[White "Mr_Rusty"]
[Black "pomar"]
[Result "1/2-1/2"]
[WhiteElo "1863"]
[BlackElo "2061"]

1. Nf3 e6 2. d3 d5 3. g3 c5 4. Bg2 Nf6 5. Bg5 h6 6. Bxf6 Qxf6 7. c3 Nc6 8. Nbd2
Bd7 9. Qc2 e5 10. O-O g5 11. e4 d4 12. a4 h5 13. h4 gxh4 14. Nxh4 Be7 15. Qb3
Na5 16. Qa2 Qh6 17. Ndf3 Be6 18. c4 Nc6 19. a5 Nb4 20. Qb1 Bxh4 21. Nxh4 Qd2 22.
Rd1 Qc2 23. Qxc2 Nxc2 24. Rac1 Nb4 25. Kh2 O-O-O 26. Bh3 Rdf8 27. Rd2 Nc6 28.
Bxe6+ fxe6 29. Ng6 Rfg8 30. Nxh8 Rxh8 31. a6 bxa6 32. Ra1 Kb7 33. b3 Nb4 34. Kh3
Kb6 35. f4 exf4 36. gxf4 Kc6 37. Rg1 Rh7 38. Rg6 Kd7 39. Kh4 Ke7 40. Rg5 Rf7 41.
f5 exf5 42. exf5 Kf6 43. Rxh5 Re7 44. Kg4 Re3 45. Rh6+ Kg7 46. Rh3 Re1 47. Rg3
Kf6 48. Rgg2 Rb1 49. Rb2 Rxb2 50. Rxb2 Nxd3 51. Ra2 Nb4 52. Ra5 d3 53. Kf3 Kxf5
54. Rxc5+ Ke6 55. Ke3 Kd6 56. Rh5 Kc6 57. Rh6+ Kc5 58. Rh5+ Kc6 59. Rh6+ Kc5 60.
Rh5+ Kc6 1/2-1/2

[Event "AUTO-ADV-1644"]
[Site "http://www.queenalice.com/game.php?id=727712"]
[Date "2010.2.7"]
[Round "1"]
[White "Mr_Rusty"]
[Black "alainbouley"]
[Result "0-1"]
[WhiteElo "1889"]
[BlackElo "2056"]

1. Nf3 d5 2. d3 Nf6 3. g3 c5 4. Bg2 Nc6 5. Bg5 e6 6. Nbd2 Be7 7. O-O O-O 8. c3
e5 9. Qc2 Be6 10. e4 d4 11. c4 h6 12. Bxf6 Bxf6 13. b3 Qd7 14. a3 Be7 15. Rab1
a5 16. Rb2 Bh3 17. Qb1 Bxg2 18. Kxg2 f5 19. exf5 Qxf5 20. Re1 Bg5 21. Qd1 Rae8
22. Ne4 Be7 23. Ng1 b6 24. Nh3 Qg6 25. f3 Bd8 26. Rf2 Ne7 27. f4 Nf5 28. Kh1 Ne3
29. Qf3 Qe6 30. Nc3 Qxh3 31. Ne4 exf4 32. gxf4 Qxf3+ 33. Rxf3 Bc7 0-1

[Event "AUTO-ADV-1644"]
[Site "http://www.queenalice.com/game.php?id=727713"]
[Date "2010.2.7"]
[Round "1"]
[White "alainbouley"]
[Black "Mr_Rusty"]
[Result "1-0"]
[WhiteElo "2046"]
[BlackElo "1899"]

1. d4 d6 2. Nf3 Nf6 3. c4 g6 4. Nc3 Bg7 5. Bg5 Bg4 6. e3 O-O 7. Be2 c6 8. h3
Bxf3 9. Bxf3 Nbd7 10. O-O h6 11. Bh4 Kh7 12. Qc2 Rc8 13. Be2 e5 14. dxe5 dxe5
15. Rad1 Qc7 16. f4 exf4 17. exf4 Qb6+ 18. Kh2 Qc7 19. g4 Rfe8 20. g5 hxg5 21.
Bxg5 Ng8 22. Kg2 Nc5 23. Bg4 f5 24. Bxf5 Qf7 25. Bxc8 Rxc8 26. b3 Bxc3 27. Qxc3
Ne4 28. Qd3 Re8 29. Qd7 Nxg5 30. fxg5 Re2+ 31. Kg1 Qxd7 32. Rxd7+ Kh8 33. Rff7
1-0

[Event "AUTO-ADV-1644"]
[Site "http://www.queenalice.com/game.php?id=727714"]
[Date "2010.2.7"]
[Round "1"]
[White "Mr_Rusty"]
[Black "mteles"]
[Result "1-0"]
[WhiteElo "1880"]
[BlackElo "1913"]

1. Nf3 Nf6 2. d3 g6 3. g3 Bg7 4. Bg2 O-O 5. O-O d6 6. c3 c5 7. Bg5 Nc6 8. Nbd2
a6 9. Qc2 Bf5 10. Bxf6 Bxf6 11. e4 Be6 12. Rfe1 Ne5 13. Nxe5 Bxe5 14. f4 Bg7 15.
Nf3 f6 16. d4 cxd4 17. Nxd4 Bd7 18. f5 Qb6 19. Kh1 Rac8 20. fxg6 Qxd4 21. gxh7+
Kxh7 22. Rad1 Qe5 23. Rd5 1-0

[Event "AUTO-ADV-1644"]
[Site "http://www.queenalice.com/game.php?id=727715"]
[Date "2010.2.7"]
[Round "1"]
[White "mteles"]
[Black "Mr_Rusty"]
[Result "0-1"]
[WhiteElo "1896"]
[BlackElo "1897"]

1. e4 d6 2. Nf3 Nf6 3. Nc3 g6 4. d4 Bg7 5. Be2 O-O 6. O-O Bg4 7. Be3 Nbd7 8. Qd2
Bxf3 9. Bxf3 e5 10. d5 a6 11. h3 h5 12. Rad1 Kh7 13. Bg5 Qc8 14. Rfe1 b5 15. a3
Nc5 16. b4 Ncd7 17. Qe2 c5 18. dxc6 Qxc6 19. Nd5 Nxd5 20. exd5 Qc7 21. Be4 f5
22. Bf3 e4 23. Bxh5 gxh5 0-1

[Event "AUTO-ADV-1644"]
[Site "http://www.queenalice.com/game.php?id=727717"]
[Date "2010.2.7"]
[Round "1"]
[White "mardlucca"]
[Black "Mr_Rusty"]
[Result "1-0"]
[WhiteElo "1746"]
[BlackElo "1913"]

1. e4 d6 2. d4 Nf6 3. Nc3 g6 4. Be2 Bg7 5. Nf3 O-O 6. O-O Bg4 7. Be3 Nbd7 8. b4
Bxf3 9. Bxf3 h6 10. Qd2 Kh7 11. a4 e5 12. d5 h5 13. Ne2 Ng4 14. Bxg4 hxg4 15. c4
Rh8 16. c5 Qe7 17. Rfd1 f6 18. cxd6 cxd6 19. Rac1 Rac8 20. Rc3 Rxc3 21. Qxc3 Nb6
22. a5 Nd7 23. Bxa7 f5 24. Ng3 f4 25. Ne2 Ra8 26. Bb6 Nf6 27. Qc4 f3 28. Nc3 Qd7
29. g3 Rc8 30. Qd3 Qe7 31. b5 Nd7 32. Be3 Nc5 33. Bxc5 Rxc5 34. Na4 Rc8 35. a6
bxa6 36. bxa6 Qc7 37. Qe3 Bh6 38. Qb6 Qxb6 39. Nxb6 Rc7 40. Ra1 Ra7 41. Nc8 Ra8
42. Nxd6 Bf8 43. Nc4 Bc5 44. Nxe5 Bd4 45. Ra5 Bxe5 46. h3 gxh3 47. Kh2 Kh6 48.
Kxh3 Kh5 49. d6 Kg5 50. Rxe5+ Kf6 51. Rd5 Ke6 52. d7 Rd8 53. a7 Ke7 54. Kg4 1-0